000 00394nmm a2200145Ia 4500
008 251105s9999||||xx |||||||||||||||||und||
041 _aspa
100 _aFranco, Lorena
245 0 _aElla lo sabe
264 _a[Madrid, España] :
_bEdiciones B,
_c2017
300 _a536 páginas
650 _aThriller & Suspense
856 _uhttps://public.digitaliapublishing.com/a/54549
942 _cCF
999 _c106408
_d106408